| 000 | 00628nam a22002057a 4500 | ||
|---|---|---|---|
| 005 | 20251108165804.0 | ||
| 008 | 250721s1989 xx 000 0 ara d | ||
| 082 | 1 | 4 | _aط/535.58/ماي |
| 100 | 1 |
_aمايرنغ، لن _eمؤلف |
|
| 245 | 1 | 0 | _aالليزر / |
| 264 | 1 |
_aبيروت : _bالمؤسسة العربية للدراسات، _c1989. |
|
| 300 | _a52ص : مص | ||
| 490 | 0 | _aأوسبون | |
| 650 | 1 | 7 | _aالليزر |
| 653 | _aناشئون كبار (15-18) سنة | ||
| 700 | 1 | _aكيميت، موريس | |
| 700 | 1 |
_aالطريفي، محمد إبراهيم _eترجمة |
|
| 942 |
_2ddc _cBK |
||
| 999 |
_c31331 _d31331 |
||